000 00341nam a22001097a 4500
050 _a(The) TD 346
_b.N9 2024
100 _aNzioki Lucy Nthenya
245 _aImplication of urban domestic water distribution on human health in Machakos central ward, Machakos County, Kenya
300 _a99p.
650 _bWater distribution
942 _2lcc
_cTHE
999 _c18785
_d18785